[Event "RA-2023-0-00719"]
[Site "LSS email"]
[Date "2023.02.21"]
[Round "?"]
[White "Pilgram, Kurt"]
[Black "Rodriguez, Raul"]
[Result "1/2-1/2"]
[WhiteElo "2138"]
[BlackElo "2031"]
[PlyCount "113"]
[EventDate "2022.11.13"]
[EventType "tourn (corr)"]
[EventRounds "6"]
[EventCountry "GER"]
[SourceTitle "Corr 2024"]
[Source "ChessBase"]
[SourceDate "2023.10.19"]
[SourceVersion "1"]
[SourceVersionDate "2023.10.19"]
[SourceQuality "1"]

1. e4 e6 2. d4 d5 3. Nc3 Nf6 4. e5 Nfd7 5. f4 c5 6. Nf3 Nc6 7. Be3 b6 8. Qd2 a6 9. Bd3 Be7 10. 0-0 0-0 11. Nd1 c4 12. Be2 b5 13. a3 Nb6 14. c3 a5 15. Ng5 f6 16. exf6 Bxf6 17. Nf2 Bd7 18. Rae1 h6 19. Nf3 Nc8 20. Bd1 Nd6 21. Bc2 b4 22. Bb1 bxc3 23. bxc3 Rb8 24. Qc2 Nf5 25. g4 Rxb1 26. Qxb1 Nh4 27. Qd1 Qe8 28. Bc1 Qg6 29. a4 Be7 30. Kh1 Nxf3 31. Qxf3 Rf7 32. Rg1 Bh4 33. Rgf1 Na7 34. Qh3 Be7 35. Rg1 Nc8 36. f5 exf5 37. gxf5 Qxf5 38. Ng4 Kh8 39. Qg2 Qxg4 40. Qxg4 Bxg4 41. Rxg4 Kh7 42. Re5 Nb6 43. Bd2 Bf6 44. Rf5 Rd7 45. Rg1 Nxa4 46. Ra1 Nb2 47. Rxa5 Nd3 48. Raxd5 Re7 49. Rf1 Bh4 50. Rh5 Bf2 51. Rh3 Re2 52. Bc1 Rc2 53. Bg5 Kg6 54. Be7 Kf5 55. Rg3 Ke6 56. Rxg7 Rxc3 57. Bf8 1/2-1/2

[Event "RA-2023-0-00719"]
[Site "LSS email"]
[Date "2023.02.21"]
[Round "?"]
[White "Rodriguez, Raul"]
[Black "Csernus, Robert"]
[Result "1/2-1/2"]
[WhiteElo "2031"]
[BlackElo "2044"]
[PlyCount "50"]
[EventDate "2022.11.13"]
[EventType "tourn (corr)"]
[EventRounds "6"]
[EventCountry "GER"]
[SourceTitle "Corr 2024"]
[Source "ChessBase"]
[SourceDate "2023.10.19"]
[SourceVersion "1"]
[SourceVersionDate "2023.10.19"]
[SourceQuality "1"]

1. e4 e5 2. Nf3 Nc6 3. Bb5 a6 4. Bxc6 dxc6 5. 0-0 Bd6 6. d4 exd4 7. Qxd4 f6 8. Be3 Ne7 9. Nbd2 Be6 10. Qc3 Qd7 11. Rad1 Ng6 12. Nd4 0-0-0 13. f3 Rhe8 14. Nxe6 Qxe6 15. Nc4 Bf4 16. b3 b6 17. a4 c5 18. Rd2 Be5 19. Nxe5 Nxe5 20. Rfd1 Rxd2 21. Rxd2 Rd8 22. Rxd8+ Kxd8 23. Kf2 c4 24. h4 cxb3 25. cxb3 Kc8 1/2-1/2

[Event "RA-2023-0-00719"]
[Site "LSS email"]
[Date "2023.02.21"]
[Round "?"]
[White "Schubert, Steffen"]
[Black "Rodriguez, Raul"]
[Result "1/2-1/2"]
[WhiteElo "2017"]
[BlackElo "2031"]
[PlyCount "31"]
[EventDate "2022.11.13"]
[EventType "tourn (corr)"]
[EventRounds "6"]
[EventCountry "GER"]
[SourceTitle "Corr 2024"]
[Source "ChessBase"]
[SourceDate "2023.10.19"]
[SourceVersion "1"]
[SourceVersionDate "2023.10.19"]
[SourceQuality "1"]

1. e4 e6 2. d4 d5 3. e5 c5 4. Nf3 cxd4 5. Nxd4 Nc6 6. Nxc6 bxc6 7. Nd2 Ne7 8. Bd3 c5 9. c3 Nc6 10. Qe2 Qc7 11. Nf3 a5 12. 0-0 Qb6 13. c4 Nb4 14. Bb1 Ba6 15. b3 Rd8 16. h4 1/2-1/2

[Event "LSS SA-2022-0-00800"]
[Site "LSS email"]
[Date "2022.05.28"]
[Round "?"]
[White "Rodriguez, Raul"]
[Black "Martin, Simone"]
[Result "1/2-1/2"]
[WhiteElo "1980"]
[BlackElo "2199"]
[PlyCount "85"]
[EventDate "2022.05.06"]
[EventType "tourn (corr)"]
[EventRounds "6"]
[EventCountry "GER"]
[SourceTitle "Corr 2024"]
[Source "ChessBase"]
[SourceDate "2023.10.19"]
[SourceVersion "1"]
[SourceVersionDate "2023.10.19"]
[SourceQuality "1"]

1. e4 e5 2. Nf3 Nc6 3. Bc4 Bc5 4. c3 Nf6 5. d3 a6 6. 0-0 Ba7 7. a4 h6 8. Re1 d6 9. b4 Ne7 10. Nbd2 Ng6 11. d4 0-0 12. h3 Re8 13. b5 Bd7 14. Bd3 Qc8 15. Nc4 axb5 16. axb5 exd4 17. cxd4 d5 18. exd5 Bxb5 19. d6 Rxe1+ 20. Qxe1 Bxc4 21. Bxc4 cxd6 22. Bd3 Qc7 23. Be3 Nd5 24. Bd2 Nge7 25. Ra5 Nf6 26. Qa1 Qb8 27. Qb2 Qc7 28. Ra3 Nc6 29. Qa2 d5 30. Bf1 Qb6 31. Ba5 Nxa5 32. Rxa5 Ne4 33. Ra3 Ng5 34. Qa1 Ne6 35. Ra4 Nd8 36. Qa2 Nc6 37. Qxd5 Rd8 38. Qa2 Bb8 39. Bc4 Nxd4 40. Bxf7+ Kf8 41. Nxd4 Rxd4 42. Rxd4 Qxd4 43. Bc4 1/2-1/2

[Event "LSS SA-2022-0-00800"]
[Site "LSS email"]
[Date "2022.05.28"]
[Round "?"]
[White "Salzmann, Stefan"]
[Black "Rodriguez, Raul"]
[Result "1-0"]
[WhiteElo "2132"]
[BlackElo "1980"]
[PlyCount "107"]
[EventDate "2022.05.06"]
[EventType "tourn (corr)"]
[EventRounds "6"]
[EventCountry "GER"]
[SourceTitle "Corr 2024"]
[Source "ChessBase"]
[SourceDate "2023.10.19"]
[SourceVersion "1"]
[SourceVersionDate "2023.10.19"]
[SourceQuality "1"]

1. e4 e6 2. d4 d5 3. Nc3 Nf6 4. e5 Nfd7 5. f4 c5 6. Nf3 Nc6 7. Be3 a6 8. Qd2 cxd4 9. Nxd4 Nxd4 10. Bxd4 Bc5 11. 0-0-0 0-0 12. Qe3 Qc7 13. Bd3 Bxd4 14. Qxd4 b5 15. Rhe1 Qc5 16. Ne2 Bb7 17. a3 Rae8 18. Qxc5 Nxc5 19. Nd4 h5 20. Re3 g6 21. b4 Nd7 22. Rg3 Kh8 23. h4 Rg8 24. Rg1 Rg7 25. Be2 Nb6 26. Rh3 Nc4 27. g4 hxg4 28. Bxg4 Kg8 29. Rhg3 Kf8 30. Be2 Rh7 31. h5 gxh5 32. f5 Nxe5 33. fxe6 fxe6 34. Re3 Ng4 35. Bxg4 hxg4 36. Nxe6+ Kg8 37. Rxg4+ Kh8 38. Rgg3 Bc8 39. Nf4 Rh1+ 40. Kb2 Rxe3 41. Rxe3 Bf5 42. Nxd5 Rh2 43. Rc3 Rh6 44. Nc7 Bh7 45. Rc5 Bg8 46. Ne8 Bf7 47. Rf5 Kg8 48. Rf6 Rxf6 49. Nxf6+ Kf8 50. Nd7+ Ke7 51. Nb8 Kd6 52. Nxa6 Kc6 53. Nc5 Kd5 54. c3 1-0

[Event "LSS SA-2022-0-00794"]
[Site "LSS email"]
[Date "2022.03.17"]
[Round "?"]
[White "Baltar, Antoni"]
[Black "Rodriguez, Raul"]
[Result "1-0"]
[WhiteElo "2074"]
[BlackElo "1990"]
[PlyCount "69"]
[EventDate "2022.02.15"]
[EventType "tourn (corr)"]
[EventRounds "6"]
[EventCountry "GER"]
[SourceTitle "Corr 2024"]
[Source "ChessBase"]
[SourceDate "2023.10.19"]
[SourceVersion "1"]
[SourceVersionDate "2023.10.19"]
[SourceQuality "1"]

1. e4 e6 2. d4 d5 3. Nc3 Bb4 4. e5 c5 5. a3 Bxc3+ 6. bxc3 Ne7 7. Qg4 0-0 8. Bd3 Nbc6 9. Bg5 Qa5 10. Ne2 cxd4 11. f4 dxc3 12. 0-0 Ng6 13. Qh5 Qc7 14. Rf3 f5 15. exf6 gxf6 16. Bh6 f5 17. Bxf8 Kxf8 18. g4 Qg7 19. Rg3 Nce7 20. gxf5 exf5 21. Rb1 b6 22. Rb3 Be6 23. Rxc3 Rc8 24. Rxc8+ Bxc8 25. Kf2 Bd7 26. c3 Kg8 27. Nd4 Qf6 28. Qh6 a5 29. Rh3 Qg7 30. Qxg7+ Kxg7 31. Rg3 Kf6 32. Ke3 h6 33. Rh3 Ng8 34. Rf3 N8e7 35. Rf2 1-0

[Event "SB-2022-0-00631"]
[Site "LSS email"]
[Date "2022.02.13"]
[Round "?"]
[White "Rodriguez, Raul"]
[Black "Zemlyanov, Sergey"]
[Result "1-0"]
[WhiteElo "1990"]
[BlackElo "1768"]
[PlyCount "29"]
[EventDate "2021.12.29"]
[EventType "tourn (corr)"]
[EventRounds "6"]
[EventCountry "GER"]
[SourceTitle "Corr 2024"]
[Source "ChessBase"]
[SourceDate "2023.10.19"]
[SourceVersion "1"]
[SourceVersionDate "2023.10.19"]
[SourceQuality "1"]

1. e4 e5 2. Nf3 Nc6 3. Bb5 Nf6 4. 0-0 Nxe4 5. d4 Nd6 6. Bxc6 dxc6 7. dxe5 Nf5 8. Qxd8+ Kxd8 9. Nc3 Bd7 10. Ne4 h6 11. Rd1 Kc8 12. a4 a5 13. b3 c5 14. Bb2 b6 15. h3 1-0

[Event "RB-2022-0-00412"]
[Site "LSS email"]
[Date "2022.01.13"]
[Round "?"]
[White "Jacewicz, Grzegorz"]
[Black "Rodriguez, Raul"]
[Result "1/2-1/2"]
[WhiteElo "1979"]
[BlackElo "1994"]
[PlyCount "91"]
[EventDate "2021.10.19"]
[EventType "tourn (corr)"]
[EventRounds "6"]
[EventCountry "GER"]
[SourceTitle "Corr 2024"]
[Source "ChessBase"]
[SourceDate "2023.10.19"]
[SourceVersion "1"]
[SourceVersionDate "2023.10.19"]
[SourceQuality "1"]

1. d4 d5 2. c4 e6 3. Nc3 Nf6 4. cxd5 exd5 5. Bg5 Nbd7 6. e3 c6 7. Bd3 Be7 8. Qc2 0-0 9. Nge2 Re8 10. 0-0 Nf8 11. f3 Be6 12. Rad1 Rc8 13. a3 Bd7 14. Kh1 a5 15. e4 dxe4 16. fxe4 Ng4 17. Bc1 c5 18. Bc4 Bf6 19. dxc5 Qc7 20. Nf4 Qxc5 21. Bd5 Qb6 22. Qe2 Qa6 23. Qxa6 bxa6 24. Nh5 Ne6 25. Bb7 Rcd8 26. Nxf6+ Nxf6 27. Be3 h6 28. Bxa6 Bc6 29. Rxd8 Rxd8 30. Rc1 Nxe4 31. Nxe4 Bxe4 32. Rc8 Rxc8 33. Bxc8 a4 34. Ba6 Kf8 35. Bc4 Ke7 36. b3 Bc6 37. Bd2 axb3 38. Bxb3 Nd4 39. Bd1 Kd6 40. Kg1 Kc5 41. Kf2 Ne6 42. g3 Kd4 43. a4 Nc5 44. Be3+ Kc4 45. a5 Nd3+ 46. Ke2 1/2-1/2

[Event "LSS SA-2022-0-00787"]
[Site "LSS email"]
[Date "2022.01.13"]
[Round "?"]
[White "Rodriguez, Raul"]
[Black "Martin, Simone"]
[Result "1/2-1/2"]
[WhiteElo "1994"]
[BlackElo "2112"]
[PlyCount "46"]
[EventDate "2021.12.26"]
[EventType "tourn (corr)"]
[EventRounds "6"]
[EventCountry "GER"]
[SourceTitle "Corr 2024"]
[Source "ChessBase"]
[SourceDate "2023.10.19"]
[SourceVersion "1"]
[SourceVersionDate "2023.10.19"]
[SourceQuality "1"]

1. e4 e5 2. Nf3 Nc6 3. Bc4 Bc5 4. c3 Nf6 5. d3 a6 6. 0-0 Ba7 7. Be3 0-0 8. a4 Bxe3 9. fxe3 d6 10. Nbd2 Ne7 11. a5 Ng6 12. Qc2 b5 13. axb6 cxb6 14. Bd5 Nxd5 15. exd5 b5 16. c4 Qb6 17. d4 exd4 18. Nxd4 Bd7 19. b4 bxc4 20. Nxc4 Qxb4 21. Rfb1 Qc5 22. Nb6 Qxc2 23. Nxc2 Ra7 1/2-1/2

[Event "RA-2022-0-00702"]
[Site "LSS email"]
[Date "2022.01.08"]
[Round "?"]
[White "Chronopoulos, Antonios"]
[Black "Rodriguez, Raul"]
[Result "1-0"]
[WhiteElo "2073"]
[BlackElo "2001"]
[PlyCount "83"]
[EventDate "2021.12.26"]
[EventType "tourn (corr)"]
[EventRounds "6"]
[EventCountry "GER"]
[SourceTitle "Corr 2024"]
[Source "ChessBase"]
[SourceDate "2023.10.19"]
[SourceVersion "1"]
[SourceVersionDate "2023.10.19"]
[SourceQuality "1"]

1. d4 Nf6 2. c4 e6 3. Nf3 d5 4. Nc3 c6 5. Bg5 h6 6. Bh4 dxc4 7. e4 g5 8. Bg3 b5 9. Be2 b4 10. Na4 Nxe4 11. Be5 Rg8 12. Qc2 Nf6 13. Bxc4 Nbd7 14. 0-0 g4 15. Nd2 Nxe5 16. dxe5 Nd5 17. Ne4 Be7 18. Rae1 Bd7 19. Bb3 a5 20. Kh1 Kf8 21. Nec5 Kg7 22. Nxd7 Qxd7 23. Bxd5 Qxd5 24. Nb6 Qc5 25. Qxc5 Bxc5 26. Nxa8 Rxa8 27. Re4 h5 28. Rc4 Ba7 29. f3 gxf3 30. gxf3 b3 31. axb3 Rb8 32. b4 Rxb4 33. Rxb4 axb4 34. f4 Bd4 35. b3 f6 36. exf6+ Kxf6 37. Kg2 Kg6 38. Kf3 Kf5 39. Rc1 c5 40. Rc2 e5 41. fxe5 Kxe5 42. Rg2 1-0

[Event "RA-2022-0-00702"]
[Site "LSS email"]
[Date "2022.01.08"]
[Round "?"]
[White "Rodriguez, Raul"]
[Black "Morcin, Tom"]
[Result "1/2-1/2"]
[WhiteElo "2001"]
[BlackElo "2034"]
[PlyCount "63"]
[EventDate "2021.12.26"]
[EventType "tourn (corr)"]
[EventRounds "6"]
[EventCountry "GER"]
[SourceTitle "Corr 2024"]
[Source "ChessBase"]
[SourceDate "2023.10.19"]
[SourceVersion "1"]
[SourceVersionDate "2023.10.19"]
[SourceQuality "1"]

1. e4 c5 2. Nf3 d6 3. d4 cxd4 4. Qxd4 Nc6 5. Bb5 Bd7 6. Bxc6 Bxc6 7. Nc3 Nf6 8. Bg5 e6 9. Bxf6 Qxf6 10. Qe3 Qd8 11. 0-0-0 Be7 12. Nd4 0-0 13. f4 Qb6 14. Rd3 e5 15. fxe5 dxe5 16. Nxc6 bxc6 17. Qxb6 axb6 18. a3 Ra7 19. Kd1 Rc8 20. Ke2 g6 21. Rhd1 Rcc7 22. Na2 b5 23. g4 Kf8 24. Kf3 h6 25. Nb4 Bxb4 26. axb4 Ra2 27. Rb1 c5 28. bxc5 Rxc5 29. c3 b4 30. cxb4 Rc2 31. Ra3 Raxb2 32. Rxb2 1/2-1/2

[Event "LSS SA-2022-0-00786"]
[Site "LSS email"]
[Date "2022.01.07"]
[Round "?"]
[White "Rodriguez, Raul"]
[Black "Plutarco, Fosca"]
[Result "1/2-1/2"]
[WhiteElo "1998"]
[BlackElo "2046"]
[PlyCount "83"]
[EventDate "2021.12.19"]
[EventType "tourn (corr)"]
[EventRounds "6"]
[EventCountry "GER"]
[SourceTitle "Corr 2024"]
[Source "ChessBase"]
[SourceDate "2023.10.19"]
[SourceVersion "1"]
[SourceVersionDate "2023.10.19"]
[SourceQuality "1"]

1. e4 c6 2. d4 d5 3. e5 Bf5 4. Nf3 e6 5. Be2 Ne7 6. 0-0 Nd7 7. c3 h6 8. Na3 Be4 9. Nc2 c5 10. dxc5 Nxc5 11. Nfd4 Nc6 12. Nb4 Nxb4 13. cxb4 Nd7 14. Bh5 g6 15. Be2 h5 16. Bd2 Bg7 17. f4 0-0 18. Bc3 a6 19. Bd3 Bxd3 20. Qxd3 Qb6 21. h3 Rfc8 22. a3 Rc4 23. Rad1 Rac8 24. Qe3 Qc7 25. Rf2 Qd8 26. g3 a5 27. Qf3 Qe8 28. Qe3 Qd8 29. Kg2 Bf8 30. Rdf1 axb4 31. axb4 Bxb4 32. f5 gxf5 33. Nxf5 exf5 34. Rxf5 Bxc3 35. bxc3 R8c6 36. Qf3 Rxc3 37. Qxd5 Qe7 38. Rxf7 Qxe5 39. Rf8+ Kh7 40. Qxd7+ Kg6 41. R1f6+ Qxf6 42. Rxf6+ 1/2-1/2

[Event "SB-2022-0-00628"]
[Site "LSS email"]
[Date "2022.01.05"]
[Round "?"]
[White "Knoeppel, Bjoern"]
[Black "Rodriguez, Raul"]
[Result "1/2-1/2"]
[WhiteElo "1920"]
[BlackElo "1998"]
[PlyCount "98"]
[EventDate "2021.11.21"]
[EventType "tourn (corr)"]
[EventRounds "6"]
[EventCountry "GER"]
[SourceTitle "Corr 2024"]
[Source "ChessBase"]
[SourceDate "2023.10.19"]
[SourceVersion "1"]
[SourceVersionDate "2023.10.19"]
[SourceQuality "1"]

1. c4 e6 2. e4 c5 3. Nc3 Nc6 4. g3 Nf6 5. Bg2 d5 6. exd5 exd5 7. cxd5 Nb4 8. d3 Be7 9. Nge2 0-0 10. 0-0 Nbxd5 11. Nxd5 Nxd5 12. d4 Be6 13. dxc5 Bxc5 14. Nd4 Qb6 15. Nxe6 fxe6 16. Qe2 h6 17. Bd2 Rf6 18. Be1 Bd4 19. Rd1 Rd8 20. b3 Kh8 21. Be4 e5 22. Kh1 Rfd6 23. Bb1 Qc7 24. Kg2 Qd7 25. Qe4 g5 26. h3 b6 27. Qe2 Rf8 28. a4 Rdf6 29. Be4 Kg7 30. b4 a6 31. b5 axb5 32. axb5 R8f7 33. Qa2 Ne7 34. Qb3 Nf5 35. Bc6 Qc8 36. Bd5 Rc7 37. Bb4 Rc2 38. Rd2 Rxd2 39. Bxd2 Qd7 40. Qc4 Nd6 41. Qc6 Qf5 42. Bb4 e4 43. f3 exf3+ 44. Rxf3 Qe5 45. Qc7+ Nf7 46. Qxe5 Nxe5 47. Rf1 Nd3 48. Bd2 Rd6 49. Rf5 Ne5 1/2-1/2

[Event "SB-2021-0-00627"]
[Site "LSS email"]
[Date "2021.12.23"]
[Round "?"]
[White "Rodriguez, Raul"]
[Black "Wittal, Werner"]
[Result "1/2-1/2"]
[WhiteElo "1991"]
[BlackElo "1960"]
[PlyCount "70"]
[EventDate "2021.10.21"]
[EventType "tourn (corr)"]
[EventRounds "6"]
[EventCountry "GER"]
[SourceTitle "Corr 2024"]
[Source "ChessBase"]
[SourceDate "2023.10.19"]
[SourceVersion "1"]
[SourceVersionDate "2023.10.19"]
[SourceQuality "1"]

1. e4 e5 2. Nf3 Nc6 3. Bb5 a6 4. Bxc6 dxc6 5. 0-0 Qf6 6. d4 exd4 7. Bg5 Qd6 8. Nxd4 Be7 9. Be3 Nf6 10. f3 0-0 11. Nc3 c5 12. Nde2 Be6 13. Nf4 Bc4 14. Rf2 Qc6 15. Qe1 Rad8 16. Rd1 Rxd1 17. Qxd1 Rd8 18. Rd2 Rxd2 19. Qxd2 h6 20. b3 Be6 21. h3 b5 22. Kf2 c4 23. Nce2 Bc8 24. Nd4 Qb7 25. bxc4 bxc4 26. g4 Bd6 27. Nfe2 Qb1 28. Bf4 Bc5 29. Bxc7 Qxa2 30. Kg2 Qa1 31. Ba5 Qa4 32. Bc3 Ne8 33. Nf4 Nc7 34. Nf5 Bxf5 35. gxf5 Bf8 1/2-1/2

[Event "RA-2021-0-00697"]
[Site "LSS email"]
[Date "2021.12.14"]
[Round "?"]
[White "Kolanek, Roman"]
[Black "Rodriguez, Raul"]
[Result "1-0"]
[WhiteElo "2132"]
[BlackElo "2016"]
[PlyCount "77"]
[EventDate "2021.11.15"]
[EventType "tourn (corr)"]
[EventRounds "6"]
[EventCountry "GER"]
[SourceTitle "Corr 2024"]
[Source "ChessBase"]
[SourceDate "2023.10.19"]
[SourceVersion "1"]
[SourceVersionDate "2023.10.19"]
[SourceQuality "1"]

1. d4 f5 2. c4 Nf6 3. g3 e6 4. Nf3 d5 5. Nc3 c6 6. Bf4 Be7 7. e3 0-0 8. h4 Nbd7 9. Ng5 Nb6 10. c5 Nc4 11. b3 Na3 12. Rc1 Nb5 13. Nxb5 cxb5 14. Bd3 Bd7 15. Nf3 Qa5+ 16. Kf1 Qxa2 17. Ne5 Bc6 18. Ra1 Qb2 19. Nxc6 bxc6 20. Ra6 Rac8 21. Qc2 Qxc2 22. Bxc2 Rf7 23. Rxa7 Bf8 24. Ra6 Nh5 25. Be5 g6 26. Ke2 Nf6 27. Rha1 Nd7 28. Bf4 e5 29. Bxe5 Nxe5 30. dxe5 Bxc5 31. h5 Rb7 32. f4 Kf7 33. Rh1 Rbc7 34. Kf3 Kg7 35. Rg1 Be7 36. g4 fxg4+ 37. Rxg4 g5 38. Rg2 Re8 39. h6+ 1-0

[Event "RA-2021-0-00697"]
[Site "LSS email"]
[Date "2021.12.14"]
[Round "?"]
[White "Rodriguez, Raul"]
[Black "Chronopoulos, Antonios"]
[Result "0-1"]
[WhiteElo "2016"]
[BlackElo "2035"]
[PlyCount "122"]
[EventDate "2021.11.15"]
[EventType "tourn (corr)"]
[EventRounds "6"]
[EventCountry "GER"]
[SourceTitle "Corr 2024"]
[Source "ChessBase"]
[SourceDate "2023.10.19"]
[SourceVersion "1"]
[SourceVersionDate "2023.10.19"]
[SourceQuality "1"]

1. e4 c5 2. Nf3 Nc6 3. d4 cxd4 4. Nxd4 Nf6 5. Nc3 d6 6. Bg5 e6 7. Qd2 a6 8. Nxc6 bxc6 9. 0-0-0 Be7 10. Bxf6 gxf6 11. Bc4 Rb8 12. Rhe1 0-0 13. Kb1 Kh8 14. Bb3 Rg8 15. f4 d5 16. g3 Qc7 17. f5 Bd6 18. Qf2 exf5 19. Rd3 Rg4 20. Ka1 Kg7 21. exd5 c5 22. Rf3 Be5 23. Rb1 Qa5 24. Qe2 Bd7 25. a3 Re4 26. Qd2 c4 27. Ba2 Rd4 28. Qe3 h5 29. Qe2 Qc5 30. h3 Rc8 31. Qe3 a5 32. Qe2 Rb8 33. Re3 Qc7 34. Qe1 Rh8 35. Qf2 Kf8 36. Rf3 h4 37. g4 f4 38. Re1 Kg7 39. Rb1 Qd6 40. Qe2 Rc8 41. Qf2 Rb8 42. Qg2 Bc8 43. Qe2 Ba6 44. Qe1 a4 45. Qc1 Re8 46. Rf1 Qe7 47. Rf3 Rd8 48. Qe1 Bb7 49. Rf1 Bxd5 50. Nxd5 R4xd5 51. c3 Qc5 52. Qf2 Qxf2 53. Rxf2 Rd2 54. Rxd2 Rxd2 55. Bxc4 Rh2 56. Bf1 Kh6 57. Re1 Rh1 58. Kb1 f3 59. Rd1 Rh2 60. Rd3 Rf2 61. Rd1 Kg5 0-1

[Event "RA-2021-0-00696"]
[Site "LSS email"]
[Date "2021.12.10"]
[Round "?"]
[White "Rodriguez, Raul"]
[Black "Baum, Hansjuergen"]
[Result "1-0"]
[WhiteElo "2011"]
[BlackElo "2169"]
[PlyCount "28"]
[EventDate "2021.11.08"]
[EventType "tourn (corr)"]
[EventRounds "6"]
[EventCountry "GER"]
[SourceTitle "Corr 2024"]
[Source "ChessBase"]
[SourceDate "2023.10.19"]
[SourceVersion "1"]
[SourceVersionDate "2023.10.19"]
[SourceQuality "1"]

1. e4 e5 2. Nf3 Nc6 3. Bb5 a6 4. Bxc6 dxc6 5. 0-0 f6 6. d4 exd4 7. Nxd4 c5 8. Ne2 Qxd1 9. Rxd1 Bd7 10. Be3 0-0-0 11. Nbc3 Re8 12. f3 f5 13. Ng3 Bd6 14. Bf2 Ne7 1-0

[Event "LSS SA-2021-0-00781"]
[Site "LSS email"]
[Date "2021.12.08"]
[Round "?"]
[White "Martin, Simone"]
[Black "Rodriguez, Raul"]
[Result "1/2-1/2"]
[WhiteElo "2065"]
[BlackElo "2011"]
[PlyCount "91"]
[EventDate "2021.11.10"]
[EventType "tourn (corr)"]
[EventRounds "6"]
[EventCountry "GER"]
[SourceTitle "Corr 2024"]
[Source "ChessBase"]
[SourceDate "2023.10.19"]
[SourceVersion "1"]
[SourceVersionDate "2023.10.19"]
[SourceQuality "1"]

1. e4 e5 2. Nf3 Nc6 3. Bb5 f5 4. d3 fxe4 5. dxe4 Nf6 6. 0-0 Bc5 7. Bxc6 bxc6 8. Nxe5 0-0 9. Nc3 Re8 10. Nd3 Bd4 11. Ne2 Bb6 12. Bg5 h6 13. Bxf6 Qxf6 14. Ng3 a5 15. e5 Qg6 16. Kh1 d5 17. f4 Rf8 18. b3 Bg4 19. Qe1 h5 20. h3 Be6 21. Rf3 Rae8 22. Kh2 Bg4 23. Rf1 Bc8 24. Qd2 Rf7 25. Rae1 h4 26. Ne2 Ref8 27. a3 Be6 28. Qc3 Bf5 29. Qd2 Qh6 30. b4 axb4 31. axb4 Be4 32. Nf2 Bf5 33. c3 Qg6 34. Ra1 Rb8 35. Ng4 Bxg4 36. hxg4 Qxg4 37. Qd3 Rbf8 38. c4 dxc4 39. Qxc4 g5 40. Rad1 Re8 41. Qxc6 Qe6 42. Qc3 Qf5 43. Qc6 Qe6 44. Qc3 Qf5 45. Nd4 Qe4 46. Qc6 1/2-1/2

[Event "RA-2021-0-00696"]
[Site "LSS email"]
[Date "2021.12.08"]
[Round "?"]
[White "Martin, Simone"]
[Black "Rodriguez, Raul"]
[Result "1-0"]
[WhiteElo "2061"]
[BlackElo "2011"]
[PlyCount "57"]
[EventDate "2021.11.08"]
[EventType "tourn (corr)"]
[EventRounds "6"]
[EventCountry "GER"]
[SourceTitle "Corr 2024"]
[Source "ChessBase"]
[SourceDate "2023.10.19"]
[SourceVersion "1"]
[SourceVersionDate "2023.10.19"]
[SourceQuality "1"]

1. e4 e6 2. d4 d5 3. Nc3 Nf6 4. Bg5 Bb4 5. e5 h6 6. Be3 Ne4 7. Qg4 g6 8. a3 Bxc3+ 9. bxc3 c5 10. Bd3 h5 11. Qf3 Nxc3 12. dxc5 Nc6 13. Qf4 d4 14. Bd2 g5 15. Qf6 Qxf6 16. exf6 Na4 17. Bxg5 Nxc5 18. Nf3 Nxd3+ 19. cxd3 b6 20. Ke2 Bb7 21. Rhc1 0-0-0 22. Ne5 Rd5 23. Bf4 Rxe5+ 24. Bxe5 Kd8 25. f4 Rg8 26. g3 Nxe5 27. fxe5 Rg5 28. Rc4 Rxe5+ 29. Kd2 1-0

[Event "RA-2021-0-00696"]
[Site "LSS email"]
[Date "2021.12.08"]
[Round "?"]
[White "Rodriguez, Raul"]
[Black "Morcin, Tom"]
[Result "1/2-1/2"]
[WhiteElo "2011"]
[BlackElo "2068"]
[PlyCount "77"]
[EventDate "2021.11.08"]
[EventType "tourn (corr)"]
[EventRounds "6"]
[EventCountry "GER"]
[SourceTitle "Corr 2024"]
[Source "ChessBase"]
[SourceDate "2023.10.19"]
[SourceVersion "1"]
[SourceVersionDate "2023.10.19"]
[SourceQuality "1"]

1. e4 c5 2. Nf3 d6 3. d4 cxd4 4. Qxd4 Nc6 5. Bb5 Bd7 6. Bxc6 Bxc6 7. c4 Nf6 8. Nc3 g6 9. 0-0 Bg7 10. Qd3 0-0 11. Nd4 Rc8 12. b3 Nxe4 13. Nxe4 d5 14. Nxc6 Rxc6 15. Rb1 dxe4 16. Qxe4 Qc7 17. Rd1 Rd8 18. Be3 Rcd6 19. Rxd6 Qxd6 20. g3 Rd7 21. c5 Qa6 22. a4 f5 23. Qc2 Qe6 24. b4 Bd4 25. Rb3 Kf7 26. a5 a6 27. Rd3 Be5 28. Kf1 Bf6 29. Rxd7 Qxd7 30. Qc4+ e6 31. Ke2 g5 32. h4 gxh4 33. gxh4 Ke8 34. Bg5 Bg7 35. h5 Qd5 36. Qxd5 exd5 37. b5 Kd7 38. c6+ bxc6 39. bxa6 1/2-1/2